| 000 | 00836nam a2200193Ia 4500 | ||
|---|---|---|---|
| 999 |
_c38285 _d38285 |
||
| 001 | 4293 | ||
| 003 | GE_BSU | ||
| 005 | 20191008155925.0 | ||
| 008 | 181216s1969||||ge |||||||||||||| ||geo|| | ||
| 040 | _cGE_BSU | ||
| 041 | _ageo | ||
| 080 | _a37(479.22)(09)(075.8) ს–47 | ||
| 100 |
_aსიგუა, ს. _94626 |
||
| 245 |
_aსახალხო განათლება რევოლუციამდელ საქართველოში (1907-1917 წ.წ) / _bდამხმ. სახელმძღვ. პედ. ინ-ტის სტუდენტებისათვის. |
||
| 264 |
_a თბ. : _bგანათლება, _c1969. |
||
| 300 |
_a208 გვ.; _b22 სმ. |
||
| 653 | _a განათლების ისტორია საქართველოში | ||
| 942 |
_cBK _2udc |
||